National Parks of New Zealand on a Map - Statistics

General Stats
  • This quiz has been taken 97 times
  • The average score is 8 of 13
Answers on the Map
Answers color-coded by a green-red scale on the quiz's map according to % correct below.
 
Answer Stats
National Park % Correct
Fiordland
90%
Abel Tasman
82%
Egmont
77%
Aoraki / Mount Cook
74%
Tongariro
74%
Rakiura
72%
Whanganui
56%
Arthur's Pass
54%
Mount Aspiring
38%
Nelson Lakes
38%
Westland Tai Poutini
38%
Kahurangi
36%
Paparoa
31%
No matching quizzes found
Score Distribution
Percent of People with Each Score
Percentile by Number Answered
Your Score History
You have not taken this quiz